Mathematical Economics
Sparad:
| Huvudupphovsman: | |
|---|---|
| Övriga upphovsmän: | |
| Materialtyp: | Bok |
| Språk: | Undetermined |
| Publicerad: |
Mason, Ohio
South-Westrn
2005
|
| Ämnen: | |
| Länkar: | http://lrc.tdmu.edu.vn/opac/search/detail.asp?aID=2&ID=7721 |
| Taggar: |
Lägg till en tagg
Inga taggar, Lägg till första taggen!
|
| Thư viện lưu trữ: | Trung tâm Học liệu Trường Đại học Thủ Dầu Một |
|---|
| LEADER | 00615nam a2200205Ia 4500 | ||
|---|---|---|---|
| 001 | TDMU_7721 | ||
| 008 | 210410s9999 xx 000 0 und d | ||
| 082 | |a 330 | ||
| 090 | |b B103 | ||
| 100 | |a Baldani | ||
| 245 | 0 | |a Mathematical Economics | |
| 245 | 0 | |c Baldani, Bradfield, Turner | |
| 260 | |a Mason, Ohio | ||
| 260 | |b South-Westrn | ||
| 260 | |c 2005 | ||
| 300 | |a xvii, 542 p. | ||
| 650 | |a Economics |x Mathematical; Kinh kế |x toán học | ||
| 700 | |a Bradfield | ||
| 856 | |u http://lrc.tdmu.edu.vn/opac/search/detail.asp?aID=2&ID=7721 | ||
| 980 | |a Trung tâm Học liệu Trường Đại học Thủ Dầu Một | ||